[Event "Aeroflot Open B 2015"]
[Site "Moscú RUS"]
[Date "2015.03.30"]
[Round "4.16"]
[White "Guliyev, Namig"]
[Black "Kathmale, Sameer"]
[Result "1/2-1/2"]
[WhiteElo "2539"]
[BlackElo "2322"]
[PlyCount "75"]
[EventDate "2015.03.27"]
[EventType "swiss"]
[EventRounds "9"]
[EventCountry "RUS"]
[Source "lmi"]
[SourceDate "2015.03.27"]

1. e4 d5 2. exd5 Qxd5 3. Nc3 Qd6 4. Nf3 Nf6 5. d4 c6 6. g3 Bf5 7. Bg2 e6 8. O-O
h6 9. Bf4 Qd8 10. Ne2 Bd6 11. c4 Bxf4 12. Nxf4 O-O 13. Qe2 Qb6 14. Rfd1 Rd8 15.
Ne5 Nbd7 16. g4 Bh7 17. h4 Nxe5 18. dxe5 Ne8 19. g5 Rd4 20. Rxd4 Qxd4 21. Qe3
Rd8 22. Re1 hxg5 23. hxg5 Bf5 24. b3 g6 25. Bf3 Bc2 26. Ne2 Qxe3 27. fxe3 Bd1
28. b4 Rd2 29. Kf2 Nc7 30. Kg3 Bxe2 31. Rxe2 Rxe2 32. Bxe2 Kf8 33. Kf4 Ke7 34.
Ke4 Na6 35. a3 Kd7 36. Kd4 Kc7 37. c5 Nb8 38. Bc4 1/2-1/2

[Event "Aeroflot Open B 2015"]
[Site "Moscú RUS"]
[Date "2015.03.30"]
[Round "4.17"]
[White "Papin, Vasily"]
[Black "Litvinov, Maxim"]
[Result "1/2-1/2"]
[WhiteElo "2501"]
[BlackElo "2389"]
[PlyCount "86"]
[EventDate "2015.03.27"]
[EventType "swiss"]
[EventRounds "9"]
[EventCountry "RUS"]
[Source "lmi"]
[SourceDate "2015.03.27"]

1. Nf3 Nf6 2. c4 e6 3. g3 d5 4. Bg2 Be7 5. O-O O-O 6. d4 dxc4 7. Qc2 a6 8. a4
Bd7 9. Rd1 Bc6 10. Nc3 Nbd7 11. e4 b5 12. d5 exd5 13. exd5 Bb7 14. Nd4 Nc5 15.
axb5 Qd7 16. bxa6 Rxa6 17. Rxa6 Bxa6 18. Nc6 Bd6 19. Bg5 Ng4 20. Ra1 h6 21. Bd2
Re8 22. h3 Nf6 23. Be3 Bb7 24. Na5 Ba6 25. Nc6 Bb7 26. Na5 Ba6 27. Bd4 Nd3 28.
Nc6 Bc8 29. Bxf6 gxf6 30. Ne4 Qf5 31. Nd4 Qe5 32. Qxc4 Nxf2 33. Kxf2 Bxh3 34.
Nf3 Qxb2+ 35. Ned2 Qxa1 36. Bxh3 Qa7+ 37. Kf1 Qe3 38. Bd7 Bc5 39. Qg4+ Kf8 40.
Kg2 Qf2+ 41. Kh3 Re2 42. Bb5 Rxd2 43. Qc8+ Kg7 1/2-1/2

[Event "Aeroflot Open B 2015"]
[Site "Moscú RUS"]
[Date "2015.03.30"]
[Round "4.18"]
[White "Pavlov, Sergey"]
[Black "Petrosian, Davit G"]
[Result "1/2-1/2"]
[WhiteElo "2490"]
[BlackElo "2382"]
[PlyCount "151"]
[EventDate "2015.03.27"]
[EventType "swiss"]
[EventRounds "9"]
[EventCountry "RUS"]
[Source "lmi"]
[SourceDate "2015.03.27"]

1. c4 Nf6 2. Nc3 g6 3. e4 d6 4. d4 Bg7 5. Bd3 O-O 6. Nge2 c5 7. d5 a6 8. a4 e6
9. O-O exd5 10. exd5 Re8 11. Ng3 Ng4 12. h3 Ne5 13. Be2 f5 14. f4 Nf7 15. Rf3
Nd7 16. Bd2 Nf6 17. Bd3 b6 18. Rb1 a5 19. Qc2 Ra7 20. Rff1 Rae7 21. Rbe1 Bd7
22. Qd1 Rxe1 23. Rxe1 Rxe1+ 24. Qxe1 Qe8 25. Qxe8+ Nxe8 26. b3 Kf8 27. Kf2 Ke7
28. Nb5 h5 29. Nf1 Nh6 30. Kf3 Bf6 31. Ne3 Kd8 32. Ke2 Ke7 33. Be1 Kd8 34. Na7
Kc7 35. g4 fxg4 36. hxg4 Nxg4 37. Bxg6 Nxe3 38. Kxe3 Bd4+ 39. Kd3 Nf6 40. Bh4
Kb7 41. Nb5 Bxb5 42. axb5 Kc7 43. Ke2 Kd7 44. Kf3 Bc3 45. Bg5 Bd4 46. Kg3 Bc3
47. Kh3 Bd4 48. Bh4 Bc3 49. Bg3 Ke7 50. Kh4 Kd7 51. Kg5 Ke7 52. Kf5 Bd4 53. Bh4
Bc3 54. Bxh5 Bd4 55. Kg6 Bc3 56. Bg4 Bd4 57. Bd7 Bc3 58. Bc6 Bd4 59. Kf5 Bc3
60. Bd7 Bd4 61. Be6 Bc3 62. Kg6 Bd4 63. Be1 Bb2 64. Bf5 Bd4 65. Bh4 Bc3 66. Bh3
Bb2 67. Be1 Bd4 68. Be6 Bb2 69. Bh4 Bc3 70. Bg5 Bd4 71. Bc8 Bc3 72. Be6 Bd4 73.
Bf5 Bc3 74. Bh4 Bb2 75. Be1 Bd4 76. Bh4 1/2-1/2

[Event "Aeroflot Open B 2015"]
[Site "Moscú RUS"]
[Date "2015.03.30"]
[Round "4.19"]
[White "Firat, Burak"]
[Black "Abhishek, Kelkar"]
[Result "0-1"]
[WhiteElo "2478"]
[BlackElo "2343"]
[PlyCount "64"]
[EventDate "2015.03.27"]
[EventType "swiss"]
[EventRounds "9"]
[EventCountry "RUS"]
[Source "lmi"]
[SourceDate "2015.03.27"]

1. e4 e5 2. Nf3 Nc6 3. Bb5 a6 4. Ba4 Nf6 5. O-O Be7 6. Re1 b5 7. Bb3 d6 8. c3
O-O 9. h3 Na5 10. Bc2 c5 11. d4 Nd7 12. d5 Nb6 13. Nbd2 Qc7 14. Nf1 c4 15. Ng3
Nb7 16. Nh2 Nc5 17. Qh5 Re8 18. f4 Bf8 19. f5 Qe7 20. Be3 Nba4 21. Rab1 Rb8 22.
Qd1 Bd7 23. Qd2 Rec8 24. b4 cxb3 25. axb3 Nb6 26. Ra1 f6 27. Bxc5 Rxc5 28. Rxa6
Bc8 29. Raa1 Qc7 30. Ne2 b4 31. c4 Nd7 32. Ra2 Ra5 0-1

[Event "Aeroflot Open B 2015"]
[Site "Moscú RUS"]
[Date "2015.03.30"]
[Round "4.20"]
[White "Badmatsyrenov, Oleg"]
[Black "Demianjuk, Alexander"]
[Result "1-0"]
[WhiteElo "2468"]
[BlackElo "2340"]
[PlyCount "103"]
[EventDate "2015.03.27"]
[EventType "swiss"]
[EventRounds "9"]
[EventCountry "RUS"]
[Source "lmi"]
[SourceDate "2015.03.27"]

1. e4 c5 2. Nf3 e6 3. d4 cxd4 4. Nxd4 Nc6 5. Nc3 a6 6. Nxc6 bxc6 7. Bd3 d5 8.
Qf3 Nf6 9. O-O Be7 10. e5 Nd7 11. Qg3 g6 12. Bh6 c5 13. b3 Bf8 14. Bxf8 Kxf8
15. Nd1 Bb7 16. c4 d4 17. f4 h5 18. Nf2 a5 19. Nh3 Qe7 20. Ng5 Rg8 21. Rae1 Rg7
22. Qh3 Ke8 23. Be4 Bxe4 24. Nxe4 Kf8 25. Rf3 Rg8 26. Rg3 a4 27. Rg5 axb3 28.
axb3 Ra3 29. g4 hxg4 30. Rxg4 Ke8 31. Nd6+ Kd8 32. Qf3 Nb8 33. Rg3 Rh8 34. Qg2
Ra6 35. Qf1 Rxd6 36. exd6 Qxd6 37. Ra1 Ke7 38. Qf2 Nd7 39. b4 cxb4 40. Rd1 Nc5
41. Rxd4 Qc6 42. Qe1 Qb6 43. Kg2 b3 44. Rf3 Rh5 45. Rd1 Qb7 46. Qa5 b2 47. Qb5
Qc7 48. Qxb2 Rf5 49. Qd4 g5 50. fxg5 Rxg5+ 51. Kh1 Kf8 52. Qf6 1-0

[Event "Aeroflot Open B 2015"]
[Site "Moscú RUS"]
[Date "2015.03.30"]
[Round "4.21"]
[White "Hakobyan, Aram"]
[Black "Petrosyan, Manuel"]
[Result "0-1"]
[WhiteElo "2283"]
[BlackElo "2427"]
[PlyCount "128"]
[EventDate "2015.03.27"]
[EventType "swiss"]
[EventRounds "9"]
[EventCountry "RUS"]
[Source "lmi"]
[SourceDate "2015.03.27"]

1. d4 Nf6 2. c4 e6 3. Nf3 b6 4. g3 Ba6 5. Qc2 Bb7 6. Bg2 c5 7. d5 exd5 8. cxd5
Nxd5 9. Qb3 Nf6 10. Ne5 d5 11. Nc3 Be7 12. Qa4+ Kf8 13. O-O Qc8 14. Bf4 Qe6 15.
Rad1 h6 16. Nd3 Bc6 17. Qc2 d4 18. Bxc6 Nxc6 19. Nb5 Nd5 20. e4 dxe3 21. fxe3
a6 22. Nc7 Nxc7 23. Bxc7 Qxe3+ 24. Rf2 Nd4 25. Qc4 Qe6 26. Qxe6 Nxe6 27. Ne5
Kg8 28. Nxf7 Nxc7 29. Nxh8 Bg5 30. Ng6 Be3 31. Rd7 Nb5 32. Ne7+ Kh8 33. Kf1
Bxf2 34. Kxf2 Rf8+ 35. Kg2 Rf6 36. a4 Nd4 37. b4 Nc2 38. bxc5 Ne3+ 39. Kh3 bxc5
40. Nd5 Nxd5 41. Rxd5 Rc6 42. Rd3 Kh7 43. Kg4 Kg6 44. Kf4 Kf6 45. Rc3 Ke6 46.
Ke4 Rc7 47. Rb3 Kd6 48. Rb6+ Rc6 49. Rb7 c4 50. Rxg7 Kc5 51. Ke3 Rd6 52. Rb7 c3
53. a5 Kc4 54. Ke2 c2 55. Rc7+ Kb3 56. Rb7+ Kc3 57. Rc7+ Kb2 58. Rb7+ Ka2 59.
Rc7 Kb1 60. Rb7+ Kc1 61. Rb6 Rd2+ 62. Ke3 Kd1 63. Rc6 c1=Q 64. Rxc1+ Kxc1 0-1

[Event "Aeroflot Open B 2015"]
[Site "Moscú RUS"]
[Date "2015.03.30"]
[Round "4.22"]
[White "Palit, Somak"]
[Black "Lomasov, Semen"]
[Result "0-1"]
[WhiteElo "2415"]
[BlackElo "2335"]
[PlyCount "80"]
[EventDate "2015.03.27"]
[EventType "swiss"]
[EventRounds "9"]
[EventCountry "RUS"]
[Source "lmi"]
[SourceDate "2015.03.27"]

1. Nf3 Nf6 2. b3 d5 3. Bb2 e6 4. e3 c5 5. c4 Nc6 6. cxd5 exd5 7. Bb5 Be7 8. Ne5
Qb6 9. Nxc6 bxc6 10. Be2 Ba6 11. Nc3 Bxe2 12. Nxe2 O-O 13. Qc2 a5 14. O-O a4
15. Rfc1 Rfb8 16. Bxf6 Bxf6 17. Rab1 axb3 18. Rxb3 Qa6 19. d3 Rc8 20. a3 Qa4
21. Nc3 Qa5 22. g3 g6 23. Nb1 Rcb8 24. Nd2 Rb5 25. Rcb1 Rab8 26. Rxb5 Rxb5 27.
Rxb5 cxb5 28. Nb3 Qa4 29. Kf1 Kg7 30. Ke2 c4 31. Nd4 Qxa3 32. Nxb5 Qc5 33. dxc4
dxc4 34. Nc3 Qh5+ 35. Ke1 Qxh2 36. Ne4 Qh1+ 37. Kd2 Qf1 38. Nxf6 Qxf2+ 39. Kd1
Qxc2+ 40. Kxc2 Kxf6 0-1

[Event "Aeroflot Open B 2015"]
[Site "Moscú RUS"]
[Date "2015.03.30"]
[Round "4.23"]
[White "Gurvich, Vitaly"]
[Black "Glek, Igor"]
[Result "0-1"]
[WhiteElo "2247"]
[BlackElo "2410"]
[PlyCount "46"]
[EventDate "2015.03.27"]
[EventType "swiss"]
[EventRounds "9"]
[EventCountry "RUS"]
[Source "lmi"]
[SourceDate "2015.03.27"]

1. d4 e6 2. c4 f5 3. g3 Nf6 4. Bg2 Be7 5. Nf3 O-O 6. O-O d6 7. Nc3 Ne4 8. Qc2
Nxc3 9. Qxc3 a5 10. Qc2 Nc6 11. e4 e5 12. Be3 f4 13. gxf4 exf4 14. Bd2 Qe8 15.
d5 Ne5 16. Nxe5 dxe5 17. Bf3 Bc5 18. Kh1 Qe7 19. Bc3 Ra6 20. Rg1 Rh6 21. Rg2
Bh3 22. Rgg1 Qh4 23. Bxe5 Bg4 0-1

[Event "Aeroflot Open B 2015"]
[Site "Moscú RUS"]
[Date "2015.03.30"]
[Round "4.24"]
[White "Khanin, Semen"]
[Black "Derakhshani, Dorsa"]
[Result "1-0"]
[WhiteElo "2408"]
[BlackElo "2169"]
[PlyCount "59"]
[EventDate "2015.03.27"]
[EventType "swiss"]
[EventRounds "9"]
[EventCountry "RUS"]
[Source "lmi"]
[SourceDate "2015.03.27"]

1. e4 e5 2. Nf3 Nc6 3. Bb5 g6 4. c3 a6 5. Ba4 d6 6. O-O Bg7 7. d4 Bd7 8. dxe5
dxe5 9. Qe2 Qe7 10. Rd1 Nf6 11. Bc2 Nh5 12. a4 h6 13. Be3 Nf4 14. Qe1 g5 15. b4
Qe6 16. Nbd2 Ne7 17. Bxf4 exf4 18. Nd4 Qf6 19. Nc4 h5 20. e5 Qh6 21. Qe4 Rd8
22. Qxb7 O-O 23. Qxc7 Nd5 24. Qa5 Bg4 25. Nf5 Bxf5 26. Bxf5 Qc6 27. Qc5 Qxc5
28. bxc5 Nc7 29. Bd7 Ne6 30. c6 1-0

[Event "Aeroflot Open B 2015"]
[Site "Moscú RUS"]
[Date "2015.03.30"]
[Round "4.25"]
[White "Pasiev, Rakhim"]
[Black "Kulkarni, Rakesh"]
[Result "1-0"]
[WhiteElo "2400"]
[BlackElo "2282"]
[PlyCount "103"]
[EventDate "2015.03.27"]
[EventType "swiss"]
[EventRounds "9"]
[EventCountry "RUS"]
[Source "lmi"]
[SourceDate "2015.03.27"]

1. d4 d5 2. Nf3 Nf6 3. Bf4 c5 4. c3 cxd4 5. cxd4 Nc6 6. Nc3 Bf5 7. e3 e6 8. Bd3
Bxd3 9. Qxd3 Bd6 10. Bg3 O-O 11. Rc1 Rc8 12. O-O Bxg3 13. hxg3 Qd6 14. a3 a6
15. Na4 Na5 16. Nc5 b5 17. Rc2 Nd7 18. Rfc1 Nc4 19. Nxd7 Qxd7 20. Qc3 f6 21. b3
Nd6 22. Qb4 Nb7 23. Ne1 Rxc2 24. Rxc2 Rc8 25. Rxc8+ Qxc8 26. Qe7 Na5 27. Nd3
Nc6 28. Qd6 Kf7 29. Nc5 Na5 30. g4 g5 31. Qb6 Nc6 32. Nxa6 Nxd4 33. exd4 Qc1+
34. Kh2 Qf4+ 35. Kh3 Qxf2 36. Qc7+ Kg6 37. Qg3 Qg1 38. Qd3+ f5 39. gxf5+ exf5
40. Nb4 g4+ 41. Kg3 h5 42. Nxd5 h4+ 43. Kf4 Qh2+ 44. g3 Qf2+ 45. Ke5 hxg3 46.
Nf4+ Kg7 47. Qxf5 Qe3+ 48. Qe4 Qxb3 49. Qg6+ Kf8 50. Ne6+ Ke7 51. Qg7+ Ke8 52.
Qf8+ 1-0

[Event "Aeroflot Open B 2015"]
[Site "Moscú RUS"]
[Date "2015.03.30"]
[Round "4.26"]
[White "Kryakvin, Dmitry"]
[Black "Tomashevskaya, Lidia"]
[Result "1-0"]
[WhiteElo "2544"]
[BlackElo "2232"]
[PlyCount "75"]
[EventDate "2015.03.27"]
[EventType "swiss"]
[EventRounds "9"]
[EventCountry "RUS"]
[Source "lmi"]
[SourceDate "2015.03.27"]

1. d4 Nf6 2. Bg5 Ne4 3. Bf4 d5 4. e3 e6 5. Nd2 c5 6. c3 cxd4 7. exd4 Nxd2 8.
Qxd2 Nc6 9. Nf3 Bd6 10. Bg3 O-O 11. Bd3 Re8 12. O-O e5 13. dxe5 Nxe5 14. Nxe5
Bxe5 15. Bb5 Re6 16. Bxe5 Rxe5 17. Rfe1 Rxe1+ 18. Rxe1 Be6 19. Qd4 Qc7 20. Rd1
a6 21. Ba4 b5 22. Bb3 Rd8 23. Qe3 g6 24. Rd4 a5 25. a3 Kg7 26. h3 h5 27. Qe2
Qc6 28. Qd2 f6 29. Bd1 Bf7 30. Bf3 Qc5 31. h4 Qd6 32. g3 Qe5 33. Qd3 b4 34.
axb4 axb4 35. Rxb4 Ra8 36. Qd1 Ra2 37. Rb7 Kg8 38. Rxf7 1-0

[Event "Aeroflot Open B 2015"]
[Site "Moscú RUS"]
[Date "2015.03.30"]
[Round "4.27"]
[White "Hayrapetyan, Hovik"]
[Black "Mammadova, Gulnar"]
[Result "1-0"]
[WhiteElo "2465"]
[BlackElo "2314"]
[PlyCount "79"]
[EventDate "2015.03.27"]
[EventType "swiss"]
[EventRounds "9"]
[EventCountry "RUS"]
[Source "lmi"]
[SourceDate "2015.03.27"]

1. Nf3 f5 2. c4 Nf6 3. Nc3 e6 4. g3 Be7 5. Bg2 O-O 6. O-O d5 7. d4 Ne4 8. Ne5
Nc6 9. cxd5 exd5 10. Nxe4 fxe4 11. Nxc6 bxc6 12. Qc2 Qd7 13. f3 exf3 14. exf3
Ba6 15. Re1 Bf6 16. Be3 Rfe8 17. Bf2 Rxe1+ 18. Rxe1 Re8 19. Rxe8+ Qxe8 20. Bf1
Bxf1 21. Kxf1 a6 22. Qf5 h6 23. h4 Kf7 24. Qh5+ Ke7 25. Qxe8+ Kxe8 26. b4 Be7
27. a3 Kd7 28. Ke2 Bd6 29. h5 Ke6 30. f4 Be7 31. g4 Bf6 32. Kd3 Kf7 33. Be3 Bh4
34. Kc3 Ke6 35. Kb3 Kd7 36. Ka4 Kc8 37. Ka5 Kb7 38. g5 hxg5 39. fxg5 Ka7 40.
Bf4 1-0

[Event "Aeroflot Open B 2015"]
[Site "Moscú RUS"]
[Date "2015.03.30"]
[Round "4.28"]
[White "Dvalishvili, Pavel S"]
[Black "Lorparizangeneh, Shahin"]
[Result "1/2-1/2"]
[WhiteElo "2439"]
[BlackElo "2319"]
[PlyCount "71"]
[EventDate "2015.03.27"]
[EventType "swiss"]
[EventRounds "9"]
[EventCountry "RUS"]
[Source "lmi"]
[SourceDate "2015.03.27"]

1. e4 c6 2. d3 d5 3. Nd2 e5 4. Ngf3 Bd6 5. g3 Nf6 6. Bg2 O-O 7. O-O Re8 8. Re1
Nbd7 9. b3 a5 10. a3 Qc7 11. Bb2 dxe4 12. Nxe4 Nxe4 13. Rxe4 Nf6 14. Re2 Bg4
15. h3 Bxf3 16. Bxf3 Bc5 17. Kg2 Bd4 18. c3 Bb6 19. Qc2 Rad8 20. Rae1 Qd6 21.
b4 h6 22. c4 Qxd3 23. Bxe5 Qxc2 24. Rxc2 Rd3 25. bxa5 Bxa5 26. Ree2 Rxa3 27.
Bxf6 Rxe2 28. Rxe2 gxf6 29. Re8+ Kg7 30. Re7 Rb3 31. Bh5 Bc3 32. Rxf7+ Kg8 33.
Rd7 Rb2 34. Rd6 Be1 35. Rd8+ Kg7 36. Rd7+ 1/2-1/2

[Event "Aeroflot Open B 2015"]
[Site "Moscú RUS"]
[Date "2015.03.30"]
[Round "4.29"]
[White "Krapivin, Alexander"]
[Black "Yeletsky, Ivan"]
[Result "1-0"]
[WhiteElo "2436"]
[BlackElo "2312"]
[PlyCount "57"]
[EventDate "2015.03.27"]
[EventType "swiss"]
[EventRounds "9"]
[EventCountry "RUS"]
[Source "lmi"]
[SourceDate "2015.03.27"]

1. c4 Nf6 2. Nc3 d5 3. cxd5 Nxd5 4. g3 e5 5. Bg2 Nb6 6. Nf3 Nc6 7. O-O Be7 8.
d3 O-O 9. a3 Be6 10. b4 f6 11. Bb2 Qd7 12. Ne4 Nd8 13. Rc1 Na4 14. Ba1 Bd5 15.
Ned2 b5 16. e4 Bf7 17. d4 exd4 18. Nxd4 a5 19. Nf5 Nb6 20. Nxe7+ Qxe7 21. e5
Bd5 22. exf6 gxf6 23. Re1 Qf7 24. Ne4 Bxe4 25. Rxe4 Ra7 26. Bd4 Kh8 27. Rc5
axb4 28. Rh5 Qg7 29. Rxh7+ 1-0

[Event "Aeroflot Open B 2015"]
[Site "Moscú RUS"]
[Date "2015.03.30"]
[Round "4.30"]
[White "Byambaa, Zulzaga"]
[Black "Korchmar, Vasiliy"]
[Result "1-0"]
[WhiteElo "2286"]
[BlackElo "2405"]
[PlyCount "85"]
[EventDate "2015.03.27"]
[EventType "swiss"]
[EventRounds "9"]
[EventCountry "RUS"]
[Source "lmi"]
[SourceDate "2015.03.27"]

1. e4 c5 2. Nf3 e6 3. d4 cxd4 4. Nxd4 Nc6 5. Nc3 a6 6. Be3 Nf6 7. f3 Bb4 8. Qd2
d5 9. O-O-O Qa5 10. Nb3 Bxc3 11. Nxa5 Bxd2+ 12. Bxd2 dxe4 13. Nc4 O-O 14. Nb6
Rb8 15. fxe4 Nxe4 16. Be3 e5 17. Bd3 Bf5 18. Rhf1 g6 19. g4 Bxg4 20. Bxe4 Bxd1
21. Rxd1 Rbd8 22. Bd5 Kg7 23. c4 Rfe8 24. a3 h6 25. Na4 Rc8 26. Bb6 Re7 27. b4
f5 28. Bc5 Ree8 29. Bd6 Rcd8 30. c5 e4 31. Nb6 e3 32. Bc7 e2 33. Re1 Rxd5 34.
Nxd5 Nd4 35. Nc3 g5 36. Bg3 f4 37. Bf2 Nf3 38. Rxe2 Rxe2 39. Nxe2 Nxh2 40. a4
Kf7 41. b5 axb5 42. c6 bxc6 43. a5 1-0

[Event "Aeroflot Open B 2015"]
[Site "Moscú RUS"]
[Date "2015.03.30"]
[Round "4.31"]
[White "Kazimova, Narmin"]
[Black "Gevorgyan, David"]
[Result "1/2-1/2"]
[WhiteElo "2262"]
[BlackElo "2386"]
[PlyCount "54"]
[EventDate "2015.03.27"]
[EventType "swiss"]
[EventRounds "9"]
[EventCountry "RUS"]
[Source "lmi"]
[SourceDate "2015.03.27"]

1. d4 d5 2. c4 e6 3. Nc3 Be7 4. Nf3 Nf6 5. Bf4 O-O 6. e3 Nbd7 7. c5 Ne4 8. Nxe4
dxe4 9. Ne5 Nxe5 10. Bxe5 f6 11. Bg3 b6 12. b4 a5 13. a3 Bb7 14. Be2 Bd5 15.
O-O c6 16. Qd2 Rf7 17. Rfc1 axb4 18. axb4 b5 19. Qc3 Bf8 20. Ra3 Rfa7 21. Rca1
Qd7 22. Rxa7 Rxa7 23. Bb8 Rb7 24. Bg3 Ra7 25. Bb8 Rb7 26. Bg3 Ra7 27. Bb8 Rb7
1/2-1/2

[Event "Aeroflot Open B 2015"]
[Site "Moscú RUS"]
[Date "2015.03.30"]
[Round "4.32"]
[White "Kanter, Eduard"]
[Black "Salman, Pavel"]
[Result "0-1"]
[WhiteElo "2349"]
[BlackElo "2288"]
[PlyCount "184"]
[EventDate "2015.03.27"]
[EventType "swiss"]
[EventRounds "9"]
[EventCountry "RUS"]
[Source "lmi"]
[SourceDate "2015.03.27"]

1. d4 Nf6 2. c4 e6 3. Nf3 b6 4. a3 Bb7 5. Nc3 d5 6. cxd5 Nxd5 7. Bd2 Be7 8. Qc2
O-O 9. e4 Nxc3 10. Bxc3 Nd7 11. Rd1 Qc8 12. Bc4 a6 13. a4 c6 14. Ba2 b5 15. Bb1
b4 16. Bd2 c5 17. d5 e5 18. Ba2 a5 19. Be3 Bd6 20. Nd2 Nb6 21. Nc4 Nxc4 22.
Bxc4 Qc7 23. O-O Bc8 24. Bb5 Bd7 25. Bxd7 Qxd7 26. b3 Rac8 27. Rc1 Qb7 28. Qd3
Rc7 29. Rc4 f6 30. Rfc1 Rfc8 31. Qd1 Qb6 32. Qg4 Bf8 33. f4 Qd6 34. fxe5 fxe5
35. Rf1 Be7 36. Qg3 Rf8 37. Rfc1 Rfc8 38. h3 Kh8 39. R1c2 Kg8 40. Bc1 Kh8 41.
Bb2 Bf6 42. Qg4 Kg8 43. Rf2 Re8 44. Rf5 g6 45. Rf3 Bg7 46. Bc1 Rf8 47. Rd3 Re8
48. Be3 Bf8 49. Rd1 Rec8 50. Bg5 Re8 51. Rf1 Be7 52. Be3 Rf8 53. Rd1 Rd8 54.
Rdc1 h5 55. Qg3 Rdc8 56. h4 Kg7 57. Qh3 Kh7 58. R1c2 Kg7 59. g4 Qd7 60. Rg2 Bd6
61. Kh2 Rf8 62. Rc1 Kh7 63. Bd2 hxg4 64. Qe3 Rf4 65. Qe2 Rf3 66. Rg3 Qf7 67.
Kg2 Rxg3+ 68. Kxg3 Rc8 69. Rf1 Qd7 70. Qe3 Qg7 71. Qg5 Rf8 72. Rxf8 Qxf8 73.
Qxg4 Qf1 74. Qd7+ Kh8 75. Qd8+ Kh7 76. Be3 Bf8 77. Qc7+ Bg7 78. Qxc5 Qe1+ 79.
Bf2 Qxe4 80. Be3 Qd3 81. d6 e4 82. Kf2 Qd1 83. h5 Qf3+ 84. Kg1 gxh5 85. d7 Qg4+
86. Kf2 Qxd7 87. Qxh5+ Kg8 88. Qxa5 Qf7+ 89. Ke2 Qf3+ 90. Kd2 Bc3+ 91. Kc2 Qe2+
92. Kc1 Qxe3+ 0-1

[Event "Aeroflot Open B 2015"]
[Site "Moscú RUS"]
[Date "2015.03.30"]
[Round "4.33"]
[White "Pustovoitova, Daria"]
[Black "Vojinovic, Jovana"]
[Result "1/2-1/2"]
[WhiteElo "2339"]
[BlackElo "2284"]
[PlyCount "65"]
[EventDate "2015.03.27"]
[EventType "swiss"]
[EventRounds "9"]
[EventCountry "RUS"]
[Source "lmi"]
[SourceDate "2015.03.27"]

1. d4 d6 2. Nf3 Nf6 3. c4 g6 4. Nc3 Bg7 5. g3 O-O 6. Bg2 Nbd7 7. O-O e5 8. e4
c6 9. h3 Qb6 10. Re1 exd4 11. Nxd4 Re8 12. Nb3 Ne5 13. Bf1 Be6 14. Be3 c5 15.
Nd2 a6 16. Rb1 Qc7 17. f4 Nc6 18. Nf3 Rad8 19. Bf2 Bc8 20. Qd2 Ne7 21. g4 b6
22. Bh4 h6 23. Rbd1 Bb7 24. Bd3 Bc6 25. Qc2 Qb7 26. Nd5 Bxd5 27. exd5 Qd7 28.
Kh2 b5 29. b3 Nc8 30. Rxe8+ Rxe8 31. Re1 Rxe1 32. Bxe1 b4 33. Bh4 1/2-1/2

[Event "Aeroflot Open B 2015"]
[Site "Moscú RUS"]
[Date "2015.03.30"]
[Round "4.34"]
[White "Mammadzada, Gunay"]
[Black "Zherebtsova, Alexandra"]
[Result "1-0"]
[WhiteElo "2336"]
[BlackElo "2184"]
[PlyCount "57"]
[EventDate "2015.03.27"]
[EventType "swiss"]
[EventRounds "9"]
[EventCountry "RUS"]
[Source "lmi"]
[SourceDate "2015.03.27"]

1. e4 e5 2. Nf3 Nc6 3. Bb5 a6 4. Ba4 Nf6 5. O-O Be7 6. Re1 b5 7. Bb3 O-O 8. c3
d6 9. d4 Bg4 10. Be3 Bh5 11. Nbd2 Na5 12. Bc2 Ng4 13. Nf1 exd4 14. cxd4 Nxe3
15. Nxe3 Bg5 16. Qd3 Bxf3 17. gxf3 Nc6 18. Nd5 Ne7 19. f4 Bh6 20. e5 Ng6 21. f5
Qg5+ 22. Qg3 Qd2 23. Be4 Nf4 24. Nxf4 Bxf4 25. Qf3 Rae8 26. Re2 Qxd4 27. Qxf4
d5 28. f6 dxe4 29. Qg5 1-0

[Event "Aeroflot Open B 2015"]
[Site "Moscú RUS"]
[Date "2015.03.30"]
[Round "4.35"]
[White "Ruecker, Benjamin"]
[Black "Savenkov, Konstantin"]
[Result "1/2-1/2"]
[WhiteElo "2269"]
[BlackElo "2331"]
[PlyCount "51"]
[EventDate "2015.03.27"]
[EventType "swiss"]
[EventRounds "9"]
[EventCountry "RUS"]
[Source "lmi"]
[SourceDate "2015.03.27"]

1. d4 Nf6 2. c4 d6 3. Nc3 e5 4. dxe5 dxe5 5. Qxd8+ Kxd8 6. Nf3 Nbd7 7. Rg1 h6
8. g4 e4 9. g5 exf3 10. gxf6 Nxf6 11. Bf4 Be6 12. O-O-O+ Kc8 13. exf3 Nh5 14.
Be3 g5 15. h4 f6 16. hxg5 fxg5 17. Rh1 Nf4 18. Bxf4 gxf4 19. Bh3 Bxh3 20. Rxh3
a5 21. Rh5 Ra6 22. Nd5 Rc6 23. Rd4 Bd6 24. Nxf4 Bxf4+ 25. Rxf4 b6 26. b3
1/2-1/2

[Event "Aeroflot Open B 2015"]
[Site "Moscú RUS"]
[Date "2015.03.30"]
[Round "4.36"]
[White "Gavrilov, Alexei"]
[Black "Baterdene, Tsogbayar"]
[Result "1-0"]
[WhiteElo "2485"]
[BlackElo "2196"]
[PlyCount "88"]
[EventDate "2015.03.27"]
[EventType "swiss"]
[EventRounds "9"]
[EventCountry "RUS"]
[Source "lmi"]
[SourceDate "2015.03.27"]

1. e4 c5 2. Nf3 d6 3. Bb5+ Nc6 4. O-O Bd7 5. c3 Nf6 6. Re1 a6 7. Ba4 b5 8. Bc2
e5 9. h3 Be7 10. d4 O-O 11. d5 Na5 12. b3 Nb7 13. Be3 a5 14. a4 b4 15. Bd3 Ne8
16. cxb4 axb4 17. Nbd2 Na5 18. Nc4 f5 19. exf5 Bxf5 20. Bxf5 Rxf5 21. Nxa5 Rxa5
22. Nd2 Bg5 23. Nc4 Ra7 24. a5 Be7 25. Ra4 Qb8 26. Qd3 Rf8 27. f3 Kh8 28. Kh1
Nc7 29. Bxc5 dxc5 30. d6 Nb5 31. dxe7 Rxe7 32. a6 Rd8 33. Qe3 Nd4 34. Nxe5 Nc6
35. a7 Qa8 36. Qxc5 Rxe5 37. Rxe5 Nxe5 38. Qxe5 h6 39. Qe4 Qxe4 40. fxe4 Ra8
41. Kg1 g5 42. Kf2 Kg7 43. Ke3 h5 44. Kd4 Kf6 1-0

[Event "Aeroflot Open B 2015"]
[Site "Moscú RUS"]
[Date "2015.03.30"]
[Round "4.37"]
[White "Ovod, Evgenija"]
[Black "Vuilleumier, Alexandre"]
[Result "0-1"]
[WhiteElo "2325"]
[BlackElo "2349"]
[PlyCount "72"]
[EventDate "2015.03.27"]
[EventType "swiss"]
[EventRounds "9"]
[EventCountry "RUS"]
[Source "lmi"]
[SourceDate "2015.03.27"]

1. d4 Nf6 2. c4 e6 3. Nc3 Bb4 4. e3 O-O 5. Bd3 c5 6. Nf3 d5 7. O-O Nc6 8. a3
Bxc3 9. bxc3 dxc4 10. Bxc4 Qc7 11. Bb2 e5 12. h3 Bf5 13. Qe2 Rad8 14. Bb5 e4
15. Nd2 Bg6 16. a4 Rd5 17. Bxc6 bxc6 18. Rfe1 Bh5 19. Qf1 Rg5 20. Kh1 Re8 21.
Ba3 Nd5 22. Bxc5 Nxc3 23. Ra3 Nd5 24. Rb3 f5 25. Nc4 f4 26. Nd6 f3 27. Nxe8
Bxe8 28. gxf3 Bh5 29. f4 Bf3+ 30. Kh2 Nxf4 31. Rb7 Qxb7 32. exf4 Qc7 33. Qc4+
Kh8 34. Rg1 Qxf4+ 35. Rg3 Rxg3 36. fxg3 Qd2+ 0-1

[Event "Aeroflot Open B 2015"]
[Site "Moscú RUS"]
[Date "2015.03.30"]
[Round "4.38"]
[White "Nazarenus, Moritz"]
[Black "Gadimbayli, Abdulla"]
[Result "1/2-1/2"]
[WhiteElo "2217"]
[BlackElo "2332"]
[PlyCount "108"]
[EventDate "2015.03.27"]
[EventType "swiss"]
[EventRounds "9"]
[EventCountry "RUS"]
[Source "lmi"]
[SourceDate "2015.03.27"]

1. d4 Nf6 2. Nf3 g6 3. Bg5 Bg7 4. Nbd2 O-O 5. e4 d6 6. Be2 Nbd7 7. O-O e5 8.
dxe5 dxe5 9. c3 Qe8 10. Re1 b6 11. Bb5 Bb7 12. a4 a6 13. Bc4 Nc5 14. Qc2 h6 15.
Bh4 Nh5 16. b4 Nd7 17. Nf1 Kh8 18. N3d2 f5 19. f3 f4 20. a5 Nhf6 21. b5 axb5
22. Bxb5 bxa5 23. Nc4 c6 24. Ba4 Qe7 25. Nfd2 Nc5 26. Nb3 Ba6 27. Nbxa5 Nxa4
28. Qxa4 Bb5 29. Qb4 Qe6 30. Nb6 Rab8 31. Bf2 Rfd8 32. c4 Ba6 33. Nxc6 Qxc6 34.
Rxa6 g5 35. Qa5 Rd6 36. c5 Re6 37. Ra7 g4 38. Qd2 gxf3 39. gxf3 Qb5 40. Qc3 Qc6
41. Qd3 Bf8 42. Nd7 Nxd7 43. Qxd7 Rg6+ 44. Kf1 Qxd7 45. Rxd7 Rb3 46. Rc1 Rc6
47. Ke2 Rb2+ 48. Rd2 Rb5 49. Rdc2 Kg7 50. Rd1 Kf7 51. Rd5 Ke6 52. Kd2 Be7 53.
Ke2 Rb7 54. Rd3 Rb5 1/2-1/2